000
00280nam a22001337a 4500
020
_a
818348012-8
082
_a
510
_b
GOY/A
100
_a
GOYAL , S.K
245
_a
ALGEBRA
260
_a
MEERUT
_b
ARIHANT PRAKASHAN
300
_a
976
650
_a
MATHS REFERENCE
_z
INDIA
942
_c
BK
999
_c
1230
_d
1230